Päť rokov vojnovej tragédie

5. výročie začiatku vojny proti Iraku (20. marca 2003), ktorá sa zaradila medzi najkontroverznejšie bezpečnostné problémy súčasnosti a vzbudzuje čím ďalej tým väčšie rozpaky i obavy medzinárodného spoločenstva. Vymyslené dôvody, charakter vojny, smutné štatistiky, výdavky na vojnu.

Gespeichert in:
Bibliographische Detailangaben
1. Verfasser: Škvrnda, František
Format: Buchkapitel
Sprache:Slowakisch
Schlagworte:
Tags: Tag hinzufügen
Keine Tags, Fügen Sie das erste Tag hinzu!

MARC

LEADER 00000naa$a2200000$$$4500
001 0073585
005 20240502071856.6
041 0 |a slo 
044 |a SK 
245 1 0 |a Päť rokov vojnovej tragédie  |c František Škvrnda 
520 |a 5. výročie začiatku vojny proti Iraku (20. marca 2003), ktorá sa zaradila medzi najkontroverznejšie bezpečnostné problémy súčasnosti a vzbudzuje čím ďalej tým väčšie rozpaky i obavy medzinárodného spoločenstva. Vymyslené dôvody, charakter vojny, smutné štatistiky, výdavky na vojnu. 
610 2 0 |a vojny 
610 2 0 |a Irak 
610 2 0 |a údaje štatistické 
610 2 0 |a vzťahy medzinárodné 
100 1 |a Škvrnda, František